Jednotné zvyklosti a pravidlá MOK pre dokumentárne akreditívy dátum účinnosti 1. júl 2007
Salvato in:
| Ente Autore: | |
|---|---|
| Natura: | Libro |
| Lingua: | slovacco inglese |
| Pubblicazione: |
Paris
ICC SERVICES, Publications Department
2007
|
| Edizione: | vydanie 2007 |
| Soggetti: | |
| Tags: |
Nessun Tag, puoi essere il primo ad aggiungerne!!
|
MARC
| LEADER | 00000nam$a2200000$$$4500 | ||
|---|---|---|---|
| 001 | 0073968 | ||
| 005 | 20240104115613.3 | ||
| 020 | |a 978-92-842-1257-6 | ||
| 020 | |a 92-842-1257-X | ||
| 041 | 0 | |a slo | |
| 041 | 0 | |a eng | |
| 044 | |a FR | ||
| 245 | 1 | 0 | |a Jednotné zvyklosti a pravidlá MOK pre dokumentárne akreditívy |b dátum účinnosti 1. júl 2007 |
| 250 | |a vydanie 2007 | ||
| 264 | 1 | |a Paris |b ICC SERVICES, Publications Department |c 2007 | |
| 300 | |a 55 s. | ||
| 610 | 2 | 0 | |a akreditív dokumentárny |
| 610 | 2 | 0 | |a obchod medzinárodný |
| 610 | 2 | 0 | |a obchod svetový |
| 710 | 2 | |a International Chamber of Commerce | |